| 000 | 00652nam a22001937a 4500 | ||
|---|---|---|---|
| 003 | OSt | ||
| 005 | 20260307143632.0 | ||
| 082 |
_a631.587 _bMID/IM |
||
| 088 | _aP 651 | ||
| 100 |
_aMIDHUN S _97905 |
||
| 100 |
_aANN MARIA PETER _97906 |
||
| 100 |
_aMEENAKSHI MADHUMOHAN _97907 |
||
| 100 |
_aNASLA SHARIN P _97908 |
||
| 245 | _aIMPACT OF SOIL AND WATER CONSERVATION MEASURES ON IRRIGATION WATER QUALITY AND LULC CHANGES IN PERUMATTY PANCHAYATH | ||
| 260 |
_aTavanur _bDEPARTMENT OF SOIL AND WATER CONSERVATION ENGINEERING _c2025 |
||
| 700 |
_aAbdul Hakkim V M _92907 |
||
| 856 | _uhttp://14.139.181.140:8080/jspui/handle/123456789/2195 | ||
| 942 | _cPR | ||
| 999 |
_c19626 _d19626 |
||